000 00435nam a2200193Ia 4500
005 20240823040313.0
008 240823s9999||||xx |||||||||||||| ||und||
020 _a978-81-237-5452-9
041 _aENGLISH
082 _A577.51 Q1
100 _aSrivastava H N
245 0 _aCoastal Hazards
250 _a1st
260 _c2011
_bNational Book
500 _aYES
650 _aGeneral
_bGeneral
942 _cBK
999 _c202780
_d202780